[Event "Espalion Op"]
[Site "Espalion"]
[Date "2017.07.17"]
[Round "4.21"]
[White "Desai, Nilomi"]
[Black "Flaujac, Benoit"]
[Result "0-1"]
[WhiteElo "1502"]
[BlackElo "1809"]
[PlyCount "82"]
[EventDate "2017.??.??"]

1. d4 Nf6 2. c4 e5 3. dxe5 Ng4 4. Nf3 Bc5 5. e3 Nc6 6. Nc3 Ngxe5 7. Nxe5 Nxe5
8. f4 Ng6 9. Bd3 c6 10. Qf3 d6 11. Bd2 a5 12. Na4 O-O 13. O-O-O Nh4 14. Qg3 Bb4
15. Nc3 d5 16. a3 dxc4 17. Bxc4 Nf5 18. Qf3 Nh4 19. Qf2 b5 20. Bb3 Be7 21. g3
Nf5 22. Ne2 c5 23. g4 c4 24. Bc2 Nd6 25. g5 Qb6 26. h4 Bb7 27. Rh2 b4 28. a4
Ne4 29. Qg1 c3 30. Be1 b3 31. Bxe4 cxb2+ 32. Kxb2 Bxe4 33. Nc3 Bc2 34. Rd5 Qb4
35. Nb5 Qxa4 36. Kc1 Qa1+ 37. Kd2 Qd1+ 38. Kc3 Rac8+ 39. Rc5 Rxc5+ 40. Kb2 Qb1+
41. Ka3 Qa2# 0-1

[Event "Espalion Op"]
[Site "Espalion"]
[Date "2017.07.17"]
[Round "4.22"]
[White "Breton, Vadim"]
[Black "Carno, Matthias"]
[Result "0-1"]
[WhiteElo "1412"]
[BlackElo "1782"]
[PlyCount "110"]
[EventDate "2017.??.??"]

1. e4 e5 2. Nf3 Nc6 3. Bc4 Nd4 4. Nxe5 Qg5 5. Ng4 d5 6. Be2 Nxe2 7. Qxe2 Qxg4
8. f3 Qe6 9. O-O Bc5+ 10. Kh1 dxe4 11. fxe4 Nf6 12. Nc3 O-O 13. e5 Ng4 14. Rf4
g5 15. Ra4 Bd7 16. Rc4 Bb6 17. d4 f6 18. a4 fxe5 19. Ne4 Nf2+ 20. Nxf2 Rxf2 21.
Qxf2 Qxc4 22. Bxg5 Rf8 23. Qe1 Bc6 24. Bh6 Bxg2+ 25. Kxg2 Qxc2+ 26. Kh1 Qc6+
27. Kg1 Bxd4+ 28. Be3 Qg6+ 29. Kh1 Qe4+ 30. Kg1 Bxe3+ 31. Qxe3 Qxe3+ 32. Kh1
Rf2 33. Rg1+ Qg5 34. Rxg5+ Kf7 35. Rxe5 Rxb2 36. Re4 c5 37. Rf4+ Ke6 38. Rh4
Kd5 39. Rxh7 c4 40. Rd7+ Ke4 41. Rc7 Kd3 42. Rd7+ Kc2 43. Kg2 Kb1+ 44. Kf3 c3
45. Rd1+ Ka2 46. Ke4 Rxh2 47. Kd3 Kb2 48. a5 c2 49. Rf1 c1=Q 50. Rxc1 Kxc1 51.
Kc4 Rh5 52. Kb4 Kb2 53. Ka4 Kc3 54. a6 b6 55. Ka3 Ra5# 0-1

[Event "Espalion Op"]
[Site "Espalion"]
[Date "2017.07.17"]
[Round "4.23"]
[White "Brun, Pierre"]
[Black "Canivet, Arnaud"]
[Result "0-1"]
[WhiteElo "1353"]
[BlackElo "1760"]
[PlyCount "100"]
[EventDate "2017.??.??"]

1. Nf3 d6 2. g3 g6 3. Bg2 Bg7 4. d3 e5 5. c4 a5 6. Nc3 Ne7 7. O-O O-O 8. Bd2 c6
9. Qc1 f5 10. e3 Na6 11. a3 Nc5 12. Qc2 d5 13. cxd5 cxd5 14. d4 exd4 15. exd4
Ne4 16. Be3 Bd7 17. Nxe4 fxe4 18. Ng5 Qb6 19. Rac1 Rac8 20. Qd2 Nf5 21. Rxc8
Rxc8 22. Rd1 h6 23. Nh3 Bxd4 24. Bxd4 Qxd4 25. Qxd4 Nxd4 26. Rxd4 Rc1+ 27. Bf1
Bb5 28. Nf4 Bxf1 29. h4 Be2+ 30. Kh2 Bf3 31. Ng2 Rc2 32. Kg1 Rxb2 33. Rxd5 Rb1+
34. Kh2 Rf1 35. Rd2 b5 36. Rb2 g5 37. hxg5 hxg5 38. Ra2 g4 39. Rb2 b4 40. axb4
axb4 41. Rd2 b3 42. Rb2 Kf7 43. Rd2 Rc1 44. Rb2 Rc2 45. Rxb3 Rxf2 46. Rxf3+
gxf3 47. Kg1 Rxg2+ 48. Kf1 e3 49. g4 Rxg4 50. Ke1 Rg1# 0-1

[Event "Espalion Op"]
[Site "Espalion"]
[Date "2017.07.17"]
[Round "4.24"]
[White "Menardo, Philippe"]
[Black "Veschambre, Martin"]
[Result "1-0"]
[WhiteElo "1631"]
[BlackElo "1539"]
[PlyCount "105"]
[EventDate "2017.??.??"]

1. c4 b6 2. Nf3 Bb7 3. Nc3 e6 4. e4 Bb4 5. a3 Bxc3 6. bxc3 Bxe4 7. d4 Nf6 8.
Be2 O-O 9. O-O d6 10. Ng5 Bg6 11. Bf3 d5 12. Re1 c6 13. h4 h6 14. h5 Bh7 15.
Nxh7 Nxh7 16. cxd5 cxd5 17. c4 Nf6 18. Bf4 Nc6 19. Bg3 Rc8 20. Bh4 dxc4 21.
Bxc6 Rxc6 22. Qf3 Qd5 23. Qxd5 Nxd5 24. g4 Rfc8 25. g5 hxg5 26. Bxg5 Nf6 27. h6
Nh7 28. Bf4 gxh6 29. Bxh6 e5 30. Be3 exd4 31. Bxd4 Ng5 32. Re3 Rg6 33. Kf1 Ne6
34. Bc3 Kh7 35. Rf3 Kg8 36. Ke2 Re8 37. Kf1 Rd8 38. Rh3 Ng7 39. Rh4 b5 40. a4
a6 41. axb5 axb5 42. Rb1 Rd5 43. Ra1 Rd8 44. Ra5 Rgd6 45. Rxb5 Rd1+ 46. Ke2
R1d5 47. Rb6 Re8+ 48. Kf1 Rh5 49. Rxc4 Rh1+ 50. Kg2 Rh5 51. Rg4 Rh7 52. Rb5 Rc8
53. Bf6 1-0

[Event "Espalion Op"]
[Site "Espalion"]
[Date "2017.07.17"]
[Round "4.25"]
[White "Martinez, Felicien"]
[Black "Mourgues, Joelle"]
[Result "1-0"]
[WhiteElo "1199"]
[BlackElo "1624"]
[PlyCount "127"]
[EventDate "2017.??.??"]

1. e4 d6 2. Nf3 g6 3. d4 Bg7 4. Bf4 Nf6 5. Nbd2 Nbd7 6. Bc4 O-O 7. O-O Nh5 8.
Be3 c6 9. c3 e5 10. Re1 Qc7 11. Nf1 c5 12. Bb3 c4 13. Bc2 b5 14. Qd2 Nb6 15.
Bh6 Bg4 16. Nh4 Bxh6 17. Qxh6 Qe7 18. g3 Ng7 19. Ne3 Bd7 20. f4 exf4 21. gxf4
Nh5 22. Nf3 f6 23. f5 Qg7 24. Qxg7+ Kxg7 25. Kf2 g5 26. Ng2 Bc6 27. Re3 Rae8
28. Rae1 a5 29. d5 Bd7 30. Nd4 Re5 31. Bd1 Nf4 32. Nxf4 gxf4 33. Rf3 b4 34.
Rxf4 Rfe8 35. Ne6+ Bxe6 36. dxe6 d5 37. Bh5 Rd8 38. Rd1 Rd6 39. Bf3 Kf8 40.
exd5 Nxd5 41. Rfd4 bxc3 42. bxc3 Nxc3 43. Rxd6 Nxd1+ 44. Rxd1 Rxf5 45. Rc1 Rc5
46. Be2 c3 47. Bd3 h6 48. Bg6 Ke7 49. Bf7 f5 50. Ke3 Kf6 51. Kd3 f4 52. Rxc3
Re5 53. Kd4 Re2 54. Rf3 Rxa2 55. h4 Ra4+ 56. Kd5 Ke7 57. Ke5 Rb4 58. Ra3 a4 59.
Kf5 f3 60. Rxf3 Rxh4 61. Rd3 Rb4 62. Rd7+ Kf8 63. Ke5 Rb5+ 64. Kf6 1-0

[Event "Espalion Op"]
[Site "Espalion"]
[Date "2017.07.17"]
[Round "4.26"]
[White "Boulier, Rene"]
[Black "Callebaut, Katia"]
[Result "1-0"]
[WhiteElo "1608"]
[BlackElo "1296"]
[PlyCount "59"]
[EventDate "2017.??.??"]

1. d4 d5 2. c4 Nf6 3. Nc3 c6 4. Bg5 h6 5. Bxf6 gxf6 6. cxd5 Qa5 7. dxc6 Nxc6 8.
e3 a6 9. a3 e6 10. Bd3 Bd6 11. Nge2 f5 12. O-O h5 13. b4 Qd8 14. d5 Nb8 15.
dxe6 fxe6 16. Bc4 Qc7 17. Qb3 Bxh2+ 18. Kh1 Rh6 19. f4 Qg7 20. Kxh2 h4 21. Rg1
Qg4 22. Nd1 Bd7 23. Nf2 Qh5 24. b5 a5 25. a4 b6 26. Rad1 Ra7 27. Qd3 Kf7 28.
Nh3 Ke7 29. Qd6+ Kf6 30. Qxb8 1-0

[Event "Espalion Op"]
[Site "Espalion"]
[Date "2017.07.17"]
[Round "4.27"]
[White "Marie, Olivier"]
[Black "Regis, Pierre"]
[Result "1-0"]
[WhiteElo "1572"]
[BlackElo "1009"]
[PlyCount "25"]
[EventDate "2017.??.??"]

1. e4 e5 2. f4 Bd6 3. Nf3 Nh6 4. Bc4 O-O 5. f5 Na6 6. c3 b6 7. d3 c6 8. Bxh6
gxh6 9. Qd2 Re8 10. Qxh6 Re6 11. Qg5+ Kf8 12. Qh5 Ke8 13. Ng5 1-0

[Event "Espalion Op"]
[Site "Espalion"]
[Date "2017.07.17"]
[Round "4.28"]
[White "Bessiere, Alain"]
[Black "Muratet Casadevall, Elias"]
[Result "0-1"]
[WhiteElo "1360"]
[BlackElo "1805"]
[PlyCount "58"]
[EventDate "2017.??.??"]

1. c4 Nf6 2. Nf3 d6 3. g3 g6 4. Bg2 Bg7 5. O-O O-O 6. Nc3 Nbd7 7. d4 Rb8 8. e4
c6 9. Bg5 b5 10. cxb5 cxb5 11. a3 h6 12. Be3 a5 13. e5 dxe5 14. dxe5 Ng4 15.
Bd4 Bb7 16. h3 Bxf3 17. Bxf3 Ngxe5 18. Bxe5 Nxe5 19. Qxd8 Nxf3+ 20. Kg2 Nh4+
21. Kh1 Rfxd8 22. gxh4 b4 23. axb4 axb4 24. Na4 Rd4 25. Rab1 Rxh4 26. Nc5 Rxh3+
27. Kg2 Rh5 28. Ne4 Rc8 29. Ng3 Rhc5 0-1

[Event "Espalion Op"]
[Site "Espalion"]
[Date "2017.07.17"]
[Round "4.29"]
[White "Saya, Ethan"]
[Black "Duvette, Michel"]
[Result "0-1"]
[WhiteElo "1775"]
[BlackElo "1412"]
[PlyCount "126"]
[EventDate "2017.??.??"]

1. e4 e5 2. Nf3 Nf6 3. Nxe5 d6 4. Nf3 Nxe4 5. Nc3 Nxc3 6. dxc3 Be7 7. Be3 Nc6
8. Qd2 Be6 9. Be2 Qd7 10. h4 h6 11. Nd4 a6 12. O-O-O O-O-O 13. Nxe6 Qxe6 14.
Kb1 Ne5 15. h5 Nc4 16. Bxc4 Qxc4 17. Rdg1 Bf6 18. g4 Rde8 19. Qd3 Qxd3 20. cxd3
Re6 21. Kc2 Rhe8 22. d4 Bg5 23. Bxg5 hxg5 24. Rd1 Rf6 25. Rhf1 Re4 26. f3 Ref4
27. Rd3 Rxg4 28. fxg4 Rxf1 29. Rg3 Kd7 30. Rg2 Ke7 31. Kd3 Kf8 32. Ke4 Rf4+ 33.
Kd5 Ke7 34. a4 c6+ 35. Kc4 Kd7 36. Kb4 c5+ 37. Kc4 Kc6 38. b3 b5+ 39. axb5+
axb5+ 40. Kd3 cxd4 41. cxd4 Kd5 42. Kc3 Rxd4 43. Rf2 b4+ 44. Kc2 Rf4 45. Rd2+
Ke5 46. Rg2 Rf3 47. Re2+ Kf4 48. Rd2 Kxg4 49. Rxd6 Kxh5 50. Rb6 Rf4 51. Kd3 g4
52. Ke2 Kh4 53. Ra6 Kh3 54. Ra1 Kh2 55. Ra2 Rf3 56. Rb2 Rf6 57. Ke1+ Kh3 58.
Re2 Re6 59. Rxe6 fxe6 60. Kf2 g3+ 61. Kf1 g2+ 62. Kg1 e5 63. Kf2 Kh2 0-1

[Event "Espalion Op"]
[Site "Espalion"]
[Date "2017.07.17"]
[Round "4.30"]
[White "Pla, Jean"]
[Black "Lemaire, Frederic"]
[Result "1-0"]
[WhiteElo "1356"]
[BlackElo "1486"]
[PlyCount "75"]
[EventDate "2017.??.??"]

1. c4 e5 2. Nc3 Nf6 3. Nf3 Nc6 4. g3 Bc5 5. Bg2 O-O 6. O-O a6 7. a3 h6 8. b4
Ba7 9. d3 Ne7 10. Bb2 d6 11. Qc2 Rb8 12. a4 Be6 13. h3 Qd7 14. Kh2 Rbc8 15. Nd2
b6 16. b5 a5 17. Nce4 Nxe4 18. Nxe4 c6 19. Ba3 Bb8 20. Qd2 c5 21. Nc3 d5 22.
cxd5 Nxd5 23. Nxd5 Bxd5 24. e4 Be6 25. Qe3 f5 26. Bb2 f4 27. gxf4 exf4 28. Qf3
Rcd8 29. Rfd1 Qf7 30. d4 cxd4 31. Bxd4 Bc7 32. Rac1 Bb3 33. Rxc7 Qxc7 34. Qxb3+
Kh8 35. f3 Qd6 36. Bxg7+ Kxg7 37. Rxd6 Rxd6 38. Qc3+ 1-0

[Event "Espalion Op"]
[Site "Espalion"]
[Date "2017.07.17"]
[Round "4.31"]
[White "Dewilde, Rudi"]
[Black "Brun, Emilie"]
[Result "1-0"]
[WhiteElo "1257"]
[BlackElo "1130"]
[PlyCount "115"]
[EventDate "2017.??.??"]

1. d4 d5 2. Bf4 Bf5 3. e3 Nc6 4. c3 e6 5. Bd3 Bxd3 6. Qxd3 Nf6 7. Nf3 g6 8. Ne5
Bg7 9. Nxc6 bxc6 10. Be5 O-O 11. Nd2 Nd7 12. Bxg7 Kxg7 13. c4 e5 14. e4 exd4
15. Qxd4+ Kg8 16. O-O Nf6 17. e5 Ne4 18. Nxe4 dxe4 19. Qxe4 Qd7 20. Rad1 Qe6
21. f4 f5 22. Qe2 Rad8 23. b3 c5 24. Rd3 Rd4 25. Rxd4 cxd4 26. Rd1 c5 27. Qf3
Rd8 28. h3 h5 29. Kf2 Kg7 30. Qb7+ Rd7 31. Qc8 Qe7 32. Qc6 Rc7 33. Qd6 a5 34.
Qxe7+ Rxe7 35. a4 Kh6 36. h4 g5 37. hxg5+ Kg6 38. g3 Kf7 39. Ke2 Rb7 40. Rb1
Kg6 41. Kd3 h4 42. gxh4 Kh5 43. e6 Re7 44. Re1 Kg4 45. g6 Kh5 46. g7 Rxg7 47.
e7 Rg3+ 48. Kd2 Rxb3 49. e8=Q+ Kxh4 50. Rh1+ Kg4 51. Qh5+ Kxf4 52. Rf1+ Ke5 53.
Qxf5+ Kd6 54. Qd5+ Kc7 55. Qxc5+ Kb7 56. Rf7+ Kb8 57. Qc7+ Ka8 58. Qa7# 1-0

[Event "Espalion Op"]
[Site "Espalion"]
[Date "2017.07.17"]
[Round "4.32"]
[White "Muller-Moingt, Bastien"]
[Black "Herrero, Alain"]
[Result "0-1"]
[WhiteElo "1114"]
[BlackElo "1673"]
[PlyCount "72"]
[EventDate "2017.??.??"]

1. e4 c5 2. Nf3 Nc6 3. c3 d5 4. exd5 Qxd5 5. Be2 e5 6. O-O Be7 7. c4 Qd8 8. Nc3
Nf6 9. d3 O-O 10. Bg5 a6 11. Bxf6 Bxf6 12. Re1 Be6 13. Qc2 Qd7 14. Ne4 Be7 15.
Nfg5 Bf5 16. Ng3 Bxg5 17. Nxf5 Qxf5 18. Rf1 Rfd8 19. Qb3 Rab8 20. Qb6 Nd4 21.
Rfe1 Nc2 22. Qxc5 Nxa1 23. Rxa1 Qe6 24. Qb4 Be7 25. Qc3 Bc5 26. Rf1 Bd4 27. Qd2
b5 28. Bf3 bxc4 29. dxc4 Rxb2 30. Qg5 Qb6 31. Qxd8+ Qxd8 32. Rd1 Bxf2+ 33. Kh1
Rd2 34. Rxd2 Qxd2 35. h3 Bg3 36. c5 Qe1# 0-1

[Event "Espalion Op"]
[Site "Espalion"]
[Date "2017.07.15"]
[Round "4.33"]
[White "Saya, Yann"]
[Black "Regis, Gabriel"]
[Result "1-0"]
[WhiteElo "1199"]
[BlackElo "1009"]
[PlyCount "31"]
[EventDate "2017.??.??"]

1. e4 e5 2. Nf3 a6 3. Nxe5 d6 4. Nf3 f6 5. Nc3 a5 6. d4 Ra6 7. Bxa6 bxa6 8. Bf4
a4 9. O-O Qd7 10. Qe2 Qg4 11. Rfe1 f5 12. Qe3 fxe4 13. Qxe4+ Kd8 14. Nxa4 Nc6
15. Qxc6 Be7 16. Qe4 1-0

[Event "Espalion Op"]
[Site "?"]
[Date "2017.07.18"]
[Round "5.1"]
[White "Daulyte, Deimante"]
[Black "Flear, Glenn"]
[Result "0-1"]
[WhiteElo "2419"]
[BlackElo "2455"]
[PlyCount "82"]
[EventDate "2017.??.??"]

1. e4 e5 2. Nf3 Nc6 3. d4 exd4 4. Nxd4 Bc5 5. Nb3 Bb6 6. Nc3 Nf6 7. Qe2 d6 8.
Be3 Be6 9. O-O-O Qe7 10. g3 O-O-O 11. Bg2 Rhe8 12. Bxb6 axb6 13. Rhe1 Ne5 14.
h3 g5 15. f4 gxf4 16. gxf4 Ng6 17. Qd2 Bxb3 18. axb3 Qf8 19. Kb1 Qh6 20. Rf1
Rg8 21. Nb5 Ne7 22. e5 Ne8 23. Bf3 Kb8 24. Qb4 Qxh3 25. Qa4 Nc8 26. Nd4 d5 27.
Rh1 Qg3 28. Rd3 Qf2 29. Rxh7 Rg1+ 30. Ka2 c5 31. Ne2 Re1 32. Rh1 Rxh1 33. Bxh1
Qxe2 34. Rxd5 Rxd5 35. Bxd5 Nc7 36. Bxf7 Qxc2 37. Bc4 b5 38. Bxb5 Nb6 39. Qa5
Nbd5 40. b4 b6 41. Qa4 Nc3+ 0-1

[Event "Espalion Op"]
[Site "Espalion"]
[Date "2017.07.18"]
[Round "5.2"]
[White "Sulava, Nenad"]
[Black "Cappon, John"]
[Result "1-0"]
[WhiteElo "2480"]
[BlackElo "2197"]
[PlyCount "59"]
[EventDate "2017.??.??"]

1. c4 e5 2. Nc3 Nc6 3. Nf3 f5 4. g3 Nf6 5. d4 e4 6. Nh4 g6 7. Bg5 Bg7 8. Qd2
Ne7 9. Bh6 Bxh6 10. Qxh6 d5 11. f3 c6 12. Bg2 Rf8 13. O-O Qb6 14. Kh1 Qxd4 15.
cxd5 cxd5 16. Qf4 Nh5 17. Qc7 Qb6 18. Qxe7+ Kxe7 19. Nxd5+ Ke8 20. Nxb6 axb6
21. fxe4 f4 22. gxf4 Rxf4 23. Nf3 Rxe4 24. Ng5 Re7 25. Bd5 Rxe2 26. Bf7+ Ke7
27. Bc4 Re5 28. Rf7+ Kd6 29. Rd1+ Kc6 30. Nf3 1-0

[Event "Espalion Op"]
[Site "Espalion"]
[Date "2017.07.18"]
[Round "5.3"]
[White "Menard, Baptiste"]
[Black "Genzling, Alain"]
[Result "1-0"]
[WhiteElo "2167"]
[BlackElo "2381"]
[PlyCount "55"]
[EventDate "2017.??.??"]

1. e4 c5 2. Nf3 e6 3. c4 Nc6 4. Nc3 Nge7 5. d4 cxd4 6. Nxd4 Nxd4 7. Qxd4 Nc6 8.
Qd2 a6 9. Be2 Bc5 10. O-O d6 11. a3 Nd4 12. b4 Nb3 13. Qb2 Nxc1 14. bxc5 Nxe2+
15. Nxe2 dxc5 16. Qxg7 Rf8 17. Rfd1 Qe7 18. Rab1 f6 19. Qg3 e5 20. Rb6 a5 21.
Nc3 Ra6 22. Rxa6 bxa6 23. Nd5 Qb7 24. Qh4 Qg7 25. Rb1 Bb7 26. Qh5+ Kd8 27. Qh3
f5 28. Qb3 1-0

[Event "Espalion Op"]
[Site "Espalion"]
[Date "2017.07.18"]
[Round "5.4"]
[White "Cornette, Matthieu"]
[Black "Israel, Gregory"]
[Result "1-0"]
[WhiteElo "2606"]
[BlackElo "2043"]
[PlyCount "35"]
[EventDate "2017.??.??"]

1. e4 c5 2. Nc3 e6 3. Nge2 a6 4. g3 b5 5. Bg2 Bb7 6. d4 cxd4 7. Nxd4 Qc7 8. O-O
Nc6 9. Re1 d6 10. a4 b4 11. Nd5 exd5 12. Nxc6 dxe4 13. Bxe4 Be7 14. Nxe7 Nxe7
15. Bxb7 Qxb7 16. Qxd6 Rd8 17. Qe5 O-O 18. Qxe7 1-0

[Event "Espalion Op"]
[Site "Espalion"]
[Date "2017.07.18"]
[Round "5.5"]
[White "Rihouey, Franck"]
[Black "Libiszewski, Fabien"]
[Result "0-1"]
[WhiteElo "1827"]
[BlackElo "2542"]
[PlyCount "200"]
[EventDate "2017.??.??"]

1. d4 g6 2. Nf3 d6 3. e4 Nf6 4. Nc3 Bg7 5. Be3 a6 6. Qd2 b5 7. Bd3 Bb7 8. a3
Ng4 9. Bg5 h6 10. Bh4 c5 11. d5 Nd7 12. h3 Nge5 13. Nxe5 Nxe5 14. f4 Nxd3+ 15.
cxd3 b4 16. axb4 cxb4 17. Na4 Rb8 18. Bf2 Bc8 19. O-O O-O 20. Be3 f5 21. Qf2
Bd7 22. Bd4 Bxd4 23. Qxd4 Bxa4 24. Rxa4 Qb6 25. Qxb6 Rxb6 26. Re1 Kf7 27. Rc1
Ra8 28. Kf2 a5 29. Ke3 Ke8 30. exf5 gxf5 31. g4 Rb5 32. Kd4 Kf7 33. gxf5 Rg8
34. Rc2 Rg3 35. Rh2 Rf3 36. Ke4 Rf1 37. Ra2 Rc1 38. b3 Rcc5 39. Rhg2 Rxd5 40.
Rg6 Rxf5 41. Rxh6 Rh5 42. Rxh5 Rxh5 43. Ra1 Kg6 44. Rg1+ Kf6 45. Ra1 Rc5 46. h4
e6 47. Ra2 Rc3 48. Rxa5 Rxb3 49. h5 Rb1 50. Kd4 d5 51. Rb5 Kf5 52. Rb6 Rh1 53.
Rxb4 Kxf4 54. Kc3+ Kf5 55. Rb2 Rxh5 56. Rf2+ Ke5 57. Re2+ Kd6 58. d4 Rh3+ 59.
Kc2 Ra3 60. Re1 Kd7 61. Kd2 Ra6 62. Kd3 Rc6 63. Re5 Kc7 64. Re1 Kb6 65. Rb1+
Kc7 66. Re1 Kd7 67. Re5 Ra6 68. Re1 Ra3+ 69. Kc2 Kc6 70. Rxe6+ Kb5 71. Re8 Kc4
72. Rh8 Rc3+ 73. Kd2 Rd3+ 74. Kc2 Rg3 75. Rc8+ Kxd4 76. Rh8 Rf3 77. Rh4+ Ke5
78. Rh5+ Kd6 79. Rh6+ Kc5 80. Rh8 Kc4 81. Rc8+ Kd4 82. Rh8 Rf2+ 83. Kd1 (83.
Kb3) 83... Kc4 84. Rh4+ d4 85. Ke1 Rc2 86. Kd1 Rc3 87. Rg4 Rh3 88. Rg8 Kc3 89.
Rc8+ Kd3 90. Ke1 Rh1+ 91. Kf2 Kd2 92. Rc4 d3 93. Rc8 Rh5 94. Rc7 Kd1 95. Rd7 d2
96. Re7 Rf5+ 97. Kg3 Rc5 98. Kf2 Kc2 99. Re2 Rf5+ (99... Kc1) 100. Kg3 Kd3 0-1

[Event "Espalion Op"]
[Site "Espalion"]
[Date "2017.07.18"]
[Round "5.7"]
[White "Muratet Casadevall, Albert"]
[Black "Verot, Melanie"]
[Result "1/2-1/2"]
[WhiteElo "2201"]
[BlackElo "2024"]
[PlyCount "45"]
[EventDate "2017.??.??"]

1. e4 c5 2. c3 d5 3. exd5 Qxd5 4. d4 Nf6 5. Nf3 Nc6 6. Be2 cxd4 7. cxd4 e6 8.
O-O Be7 9. Nc3 Qd6 10. a3 O-O 11. Be3 a6 12. h3 b5 13. b4 Bb7 14. Qb3 Rac8 15.
Rfd1 Rfd8 16. Rac1 h6 17. Bf1 Qb8 18. Ne1 Bd6 19. d5 exd5 20. Nxd5 Nxd5 21.
Rxd5 Ne5 22. Rxc8 Rxc8 23. Rd4 1/2-1/2

[Event "Espalion Op"]
[Site "Espalion"]
[Date "2017.07.18"]
[Round "5.8"]
[White "Estadieu, Romeo"]
[Black "Montsma, Foppe-Jan"]
[Result "1/2-1/2"]
[WhiteElo "2049"]
[BlackElo "1834"]
[PlyCount "71"]
[EventDate "2017.??.??"]

1. d4 e6 2. c4 f5 3. Nc3 Nf6 4. e3 Bb4 5. Bd3 Bxc3+ 6. bxc3 O-O 7. f3 d6 8. Qc2
Nc6 9. Ne2 Qe7 10. Bd2 b6 11. O-O Bd7 12. Ng3 g6 13. e4 Rae8 14. Rae1 fxe4 15.
Nxe4 Nxe4 16. Bxe4 Qf6 17. Qa4 Nb8 18. Qxa7 Qd8 19. Qa3 Nc6 20. Qc1 Ne7 21. Bg5
Qc8 22. Bd3 Qa6 23. Qd2 Qa5 24. g4 Rf7 25. h4 Qa8 26. Be4 Qa6 27. Bd3 Qa8 28.
Be4 Qa6 29. Qe2 Qa5 30. Qe3 Qxa2 31. Bd3 Qa8 32. Bh6 Kh8 33. Be4 Qc8 34. d5 e5
35. Qe2 Ng8 36. Bd2 1/2-1/2

[Event "Espalion Op"]
[Site "Espalion"]
[Date "2017.07.18"]
[Round "5.9"]
[White "Moingt, Anne"]
[Black "Masson, Valentin"]
[Result "0-1"]
[WhiteElo "2027"]
[BlackElo "1733"]
[PlyCount "105"]
[EventDate "2017.??.??"]

1. e4 e6 2. d4 d5 3. Nd2 dxe4 4. Nxe4 Bd7 5. Nf3 Bc6 6. Ng3 Nd7 7. Bd3 Ngf6 8.
O-O Bxf3 9. Qxf3 c6 10. b3 Be7 11. Bb2 O-O 12. c4 a5 13. Rad1 a4 14. Ba1 axb3
15. axb3 Ba3 16. Bc3 Qb6 17. Bc2 Be7 18. Qd3 Rfd8 19. Qe2 Qc7 20. h4 b5 21. Ra1
b4 22. Bb2 Qf4 23. h5 Bd6 24. Rfd1 Qh4 25. Qf3 Bxg3 26. fxg3 Qxh5 27. Qxh5 Nxh5
28. Be4 Rac8 29. g4 Ndf6 30. Bf3 Nf4 31. g5 Nd7 32. Ra7 c5 33. d5 exd5 34. cxd5
c4 35. Bg4 c3 36. Bc1 c2 37. Rd4 Ra8 38. Rxa8 Rxa8 39. Rxf4 Ra1 40. Rf1 Nc5 41.
d6 Nxb3 42. d7 Ra8 43. Bb2 Nc5 44. Re1 Kf8 45. Be5 Ne6 46. Bd6+ Kg8 47. Bxe6
fxe6 48. Bxb4 Rb8 49. Be7 Rb1 50. d8=Q+ Kf7 51. Qf8+ Kg6 52. Qe8+ Kf5 53. Qf7+
0-1

[Event "Espalion Op"]
[Site "Espalion"]
[Date "2017.07.18"]
[Round "5.10"]
[White "Larcheveque, Francois"]
[Black "Della Ragione, Enzo"]
[Result "1-0"]
[WhiteElo "2023"]
[BlackElo "1705"]
[PlyCount "64"]
[EventDate "2017.??.??"]

1. d4 Nf6 2. c4 g6 3. Nf3 Bg7 4. g3 O-O 5. Bg2 d6 6. O-O Nbd7 7. Nc3 c6 8. e4
e5 9. b3 Re8 10. Re1 Nf8 11. h3 Qc7 12. Be3 h5 13. Qd2 N6h7 14. Rad1 f5 15. c5
dxc5 16. dxe5 b6 17. Qc2 Be6 18. Bf4 Nd7 19. Qc1 Qc8 20. exf5 Bxf5 21. Ne4 Nxe5
22. Nd6 Nxf3+ 23. Bxf3 Rxe1+ 24. Rxe1 Qd7 25. Qc4+ Kf8 26. Bxc6 Bd3 27. Bxd7
Bxc4 28. Nxc4 Bd4 29. Bd6+ Kg7 30. Re7+ Kh8 31. Ne5 Bxe5 32. Bxe5+ Kg8 1-0

[Event "Espalion Op"]
[Site "Espalion"]
[Date "2017.07.18"]
[Round "5.11"]
[White "Lagunes, Jean-Renaud"]
[Black "Veschambre, Antoine"]
[Result "1-0"]
[WhiteElo "1951"]
[BlackElo "1682"]
[PlyCount "59"]
[EventDate "2017.??.??"]

1. e4 Nf6 2. e5 Nd5 3. c4 Nb6 4. b3 d6 5. exd6 exd6 6. Bb2 Nc6 7. d4 Bf5 8. Be2
Be7 9. a3 Bf6 10. Nf3 O-O 11. O-O Bg4 12. Qd3 d5 13. c5 Nc8 14. Ng5 Bxg5 15.
Bxg4 N8e7 16. f4 Bf6 17. Nd2 Kh8 18. Nf3 Ng8 19. Ne5 a6 20. Rf3 Be7 21. b4 Nf6
22. Rh3 h6 23. Bf5 Nxe5 24. dxe5 Ng8 25. g4 a5 26. g5 axb4 27. axb4 Rxa1+ 28.
Bxa1 f6 29. exf6 gxf6 30. Be6 1-0

[Event "Espalion Op"]
[Site "Espalion"]
[Date "2017.07.18"]
[Round "5.12"]
[White "Uliczny, Kevin"]
[Black "Pascot, Jean"]
[Result "0-1"]
[WhiteElo "1690"]
[BlackElo "1856"]
[PlyCount "60"]
[EventDate "2017.??.??"]

1. e4 e5 2. Nf3 Nc6 3. Bb5 a6 4. Bxc6 dxc6 5. h3 f6 6. d4 exd4 7. Qxd4 Bd6 8.
Be3 Be6 9. Nc3 c5 10. Qd2 Ne7 11. Rd1 Ng6 12. Qe2 Qe7 13. Nd5 Qf7 14. O-O Rd8
15. b3 c6 16. Nb6 O-O 17. c4 Bc7 18. Bxc5 Nf4 19. Qe3 Bxh3 20. g3 Bxf1 21. Rxf1
Rd3 22. Qe1 Rfd8 23. Nh4 g5 24. Nf5 Qh5 25. gxf4 Rd1 26. Ng3 Qg6 27. f5 Qe8 28.
Qb4 Bxg3 29. fxg3 Qxe4 30. Be7 Qe3+ 0-1

[Event "Espalion Op"]
[Site "Espalion"]
[Date "2017.07.18"]
[Round "5.13"]
[White "Gerard, Nicolas"]
[Black "Menardo, Philippe"]
[Result "1-0"]
[WhiteElo "2189"]
[BlackElo "1631"]
[PlyCount "59"]
[EventDate "2017.??.??"]

1. d4 d5 2. c4 c6 3. Nf3 Nf6 4. e3 Bf5 5. cxd5 Bxb1 6. Rxb1 Qxd5 7. a3 Nbd7 8.
Qc2 e6 9. Bd3 Be7 10. e4 Qa5+ 11. b4 Qd8 12. O-O a5 13. bxa5 c5 14. Rxb7 Rxa5
15. d5 exd5 16. Bd2 Rxa3 17. e5 Ne4 18. Bb5 O-O 19. Rxd7 Qb6 20. Bd3 Qe6 21.
Rb7 f5 22. exf6 Bxf6 23. Re1 Qc6 24. Rbb1 Rfa8 25. Bxe4 dxe4 26. Qxe4 Qxe4 27.
Rxe4 Rd3 28. Be3 Bd4 29. Nxd4 cxd4 30. Rxd4 1-0

[Event "Espalion Op"]
[Site "Espalion"]
[Date "2017.07.18"]
[Round "5.14"]
[White "Carno, Matthias"]
[Black "Kozlowski, Thierry"]
[Result "1-0"]
[WhiteElo "1782"]
[BlackElo "1951"]
[PlyCount "87"]
[EventDate "2017.??.??"]

1. e4 c6 2. b3 d5 3. exd5 cxd5 4. Bb2 Bf5 5. g3 Nc6 6. Bg2 Qd7 7. Nf3 Nf6 8.
O-O Rc8 9. d3 Bh3 10. Nc3 h5 11. Ne2 Bxg2 12. Kxg2 e6 13. Re1 Be7 14. Nf4 h4
15. Nxh4 g5 16. Nhg6 gxf4 17. Nxh8 d4 18. Qf3 Qd5 19. Re2 Qxf3+ 20. Kxf3 Nd5
21. a3 Bf6 22. Ng6 fxg6 23. Rxe6+ Kf7 24. Rae1 g5 25. Rd6 Nce7 26. Re2 a5 27.
Re4 Rxc2 28. Bxd4 fxg3 29. hxg3 Bxd4 30. Rxd4 Nf6 31. Rb6 g4+ 32. Kg2 Rc7 33.
Rdd6 Ned5 34. Rb5 Nc3 35. Rf5 Ncd5 36. Rdxd5 Ke6 37. Rde5+ Kf7 38. Rxa5 Rd7 39.
Rab5 Kg6 40. Rf4 Kg7 41. Rb6 Rf7 42. Rfxf6 Rxf6 43. Rxf6 Kxf6 44. f3 1-0

[Event "Espalion Op"]
[Site "Espalion"]
[Date "2017.07.18"]
[Round "5.15"]
[White "Canivet, Arnaud"]
[Black "Crouzet, Emeric"]
[Result "1-0"]
[WhiteElo "1760"]
[BlackElo "1950"]
[PlyCount "63"]
[EventDate "2017.??.??"]

1. c4 Nf6 2. g3 d5 3. Bg2 c5 4. cxd5 Nxd5 5. Nc3 Nb6 6. Nf3 Nc6 7. d3 g6 8. O-O
Bg7 9. Be3 Nd4 10. Ne4 Nd7 11. Rc1 O-O 12. Nxc5 Nxc5 13. Rxc5 Nxf3+ 14. Bxf3
Bh3 15. Re1 b6 16. Rc4 Rc8 17. b3 Qd6 18. Qd2 Be6 19. Bf4 Qd7 20. Rxc8 Rxc8 21.
Rc1 a5 22. Rxc8+ Qxc8 23. Qc1 Bc3 24. Qe3 b5 25. Qb6 Bg7 26. Qxb5 h5 27. Qxa5
Qc2 28. Qd2 Qb1+ 29. Kg2 f6 30. h4 Qa1 31. d4 Qb1 32. e4 1-0